• 首页
  • 本馆介绍
  • 公告通知
  • 最新文献
  • 馆藏检索
  • 电子资源
  • 读者导购
  • 参考咨询
  • 我的图书馆
  • 登录
  • 详细信息显示
  • 放入我的书架
  • 预约/预借图书
  • 作者相关作品
  • 分类相关作品
  • 丛书相关作品
  • 出版社相关作品

书目信息

  • 表格格式
  • 工作单格式
  • 卡片格式
题名:
阿勃特声乐练习曲
    
 
作者: 阿勃特 作曲 ;人民音乐出版社 编
分册:  
出版信息: 北京   人民音乐出版社  2007
页数: 117页
开本: 30cm
丛书名:
单 册:
中图分类: J652.31(516) , J652.31
科图分类:
主题词: 练声曲--德国--近代--选集 , 练声曲
电子资源:
ISBN: 978-7-103-03208-4
000 00951ncm0 2200253 450
001 003424236
005 20070806094201.59
010    @a978-7-103-03208-4@dCNY18.00@z7-103-03208-4
100    @a20070402d2007 em y0chiy0110 ea
101 0  @achi
102    @aCN@b110000
105    @ay z 000yy
200 1  @a阿勃特声乐练习曲@9a bo te sheng yue lian xi qu@e作品474@e男中、低音用@f人民音乐出版社编辑部编
210    @a北京@c人民音乐出版社@d2007
215    @a117页@d30cm
330    @a本书共分四个部分,从最基本的发声练习开始,通过合理的教学,安排进行各种演唱技巧的练习,最后进入到演唱难度较高的八首练声曲。本书适合男中、低音声部使用。
606 0  @a练声曲@y德国@z近代@j选集
606 0  @a练声曲
690    @aJ652.31(516)@v4
690    @aJ652.31@v3
701  0 @c(德)@a阿勃特@9a bo te@c(Abt, Franz@f1819~1885)@4作曲
712 02 @a人民音乐出版社@9ren min yin yue chu ban she@b编辑部@4编
801  0 @aCN@bNLC@c20070806
905    @a10447@dJ652.31@e425:1
    
    阿勃特声乐练习曲:作品474:男中、低音用/人民音乐出版社编辑部编.-北京:人民音乐出版社,2007
    117页;30cm
    
    
    ISBN 978-7-103-03208-4:CNY18.00
    本书共分四个部分,从最基本的发声练习开始,通过合理的教学,安排进行各种演唱技巧的练习,最后进入到演唱难度较高的八首练声曲。本书适合男中、低音声部使用。
●
相关链接 在E读中查询图书 在五车中查询图书 在当当中查询图书 在豆瓣中查询图书


正题名:阿勃特声乐练习曲     索取号:J652.31/425:1         预约/预借

序号 登录号 条形码 馆藏地/架位号 状态 备注
1 0804554   208045541   第一样本阅览室/ [索取号:J652.31/425:1] 在馆    
2 0804555   208045550   第一借阅区/ [索取号:J652.31/425:1] 在馆    
3 0804556   208045569   第一借阅区/ [索取号:J652.31/425:1] 在馆    
4 0804557   208045578   第一借阅区/ [索取号:J652.31/425:1] 在馆    
5 0804558   208045587   密集书库-音乐系/ [索取号:J652.31/425:1] 在馆    
唐山师范学院图书馆 欢迎您!
大连网信软件有限公司© 版权所有